<?xml version="1.0" encoding="UTF-8"?>
<record
    xmlns:xsi="http://www.w3.org/2001/XMLSchema-instance"
    xsi:schemaLocation="http://www.loc.gov/MARC21/slim http://www.loc.gov/standards/marcxml/schema/MARC21slim.xsd"
    xmlns="http://www.loc.gov/MARC21/slim">

  <leader>01168nam a22001937a 4500</leader>
  <controlfield tag="008">121115t        xxu||||| |||| 00| 0 eng d</controlfield>
  <datafield tag="020" ind1=" " ind2=" ">
    <subfield code="a">0071353461</subfield>
  </datafield>
  <datafield tag="050" ind1=" " ind2=" ">
    <subfield code="a">QA76.76.C15 H835</subfield>
  </datafield>
  <datafield tag="100" ind1=" " ind2=" ">
    <subfield code="a">Hubbard, John R.</subfield>
  </datafield>
  <datafield tag="245" ind1=" " ind2=" ">
    <subfield code="a">Schaum's outline of theory and problems of programming with C++. /</subfield>
    <subfield code="c">John R. Hubbard</subfield>
  </datafield>
  <datafield tag="250" ind1=" " ind2=" ">
    <subfield code="a">2nd ed.</subfield>
  </datafield>
  <datafield tag="260" ind1=" " ind2=" ">
    <subfield code="a">New York:</subfield>
    <subfield code="b">McGraw Hill,</subfield>
    <subfield code="c">c2000.</subfield>
  </datafield>
  <datafield tag="300" ind1=" " ind2=" ">
    <subfield code="a">ix, 422 p.:</subfield>
    <subfield code="b">ill.;</subfield>
    <subfield code="c">27cm.</subfield>
  </datafield>
  <datafield tag="500" ind1=" " ind2=" ">
    <subfield code="a">Includes index.</subfield>
  </datafield>
  <datafield tag="505" ind1=" " ind2=" ">
    <subfield code="a">Contents: Elementary C++ programming -- Fundamental types -- Selection -- Iteration -- Functions -- Arrays -- Pointers and references -- C-Strings -- Standard C++ strings -- Classes -- Overloading operators -- Composition and inheritance -- Templates and intrators -- Standard C++ vectors -- Container classes -- Appendix A: Character codes -- Appendix B: Standard C++ keywords -- Appendix C: Standard C++ operators -- Appendix D: Standard C++ container classes -- Appendix E: Standard C++ generic algorithms -- Appendix F: The Standard C library -- Appendix G: Hexadecimal numbers -- Appendix H: References.</subfield>
  </datafield>
  <datafield tag="650" ind1=" " ind2=" ">
    <subfield code="b">Programming </subfield>
  </datafield>
  <datafield tag="650" ind1=" " ind2=" ">
    <subfield code="a"> C++ (programming language)</subfield>
  </datafield>
  <datafield tag="942" ind1=" " ind2=" ">
    <subfield code="2">lcc</subfield>
    <subfield code="c">BK</subfield>
  </datafield>
  <datafield tag="999" ind1=" " ind2=" ">
    <subfield code="c">2521</subfield>
    <subfield code="d">10021</subfield>
  </datafield>
  <datafield tag="952" ind1=" " ind2=" ">
    <subfield code="0">0</subfield>
    <subfield code="1">0</subfield>
    <subfield code="2">lcc</subfield>
    <subfield code="4">0</subfield>
    <subfield code="7">0</subfield>
    <subfield code="a">WIUC-1</subfield>
    <subfield code="b">WIUC-1</subfield>
    <subfield code="c">REF</subfield>
    <subfield code="d">2012-11-15</subfield>
    <subfield code="l">0</subfield>
    <subfield code="o">QA76.76.C15 H835</subfield>
    <subfield code="p">6508/12</subfield>
    <subfield code="r">2012-11-15 00:00:00</subfield>
    <subfield code="t">1</subfield>
    <subfield code="w">2012-11-15</subfield>
    <subfield code="y">BK</subfield>
  </datafield>
  <datafield tag="952" ind1=" " ind2=" ">
    <subfield code="0">0</subfield>
    <subfield code="1">0</subfield>
    <subfield code="2">lcc</subfield>
    <subfield code="4">0</subfield>
    <subfield code="7">0</subfield>
    <subfield code="a">WIUC-1</subfield>
    <subfield code="b">WIUC-1</subfield>
    <subfield code="c">REF</subfield>
    <subfield code="d">2012-11-15</subfield>
    <subfield code="l">0</subfield>
    <subfield code="o">QA76.76.C15 H8351</subfield>
    <subfield code="p">6509/12</subfield>
    <subfield code="r">2012-11-15 00:00:00</subfield>
    <subfield code="t">2</subfield>
    <subfield code="w">2012-11-15</subfield>
    <subfield code="y">BK</subfield>
  </datafield>
</record>
